AIZ (Record no. 118553)
[ view plain ]
| 000 -LEADER | |
|---|---|
| fixed length control field | 00665cas a22002295a 4500 |
| 001 - CONTROL NUMBER | |
| control field | ##L98875 |
| 008 - FIXED-LENGTH DATA ELEMENTS--GENERAL INFORMATION | |
| fixed length control field | 070703c gw mr p 0 a0eng |
| 022 1# - INTERNATIONAL STANDARD SERIAL NUMBER | |
| International Standard Serial Number | 0001-1673 |
| 035 ## - SYSTEM CONTROL NUMBER | |
| System control number | (Sirsi) u98875 |
| 041 0# - LANGUAGE CODE | |
| Language code of text/sound track or separate title | ger |
| 240 00 - UNIFORM TITLE | |
| Uniform title | Allgemeine Immobilien Zeitung |
| 245 00 - TITLE STATEMENT | |
| Title | AIZ |
| Remainder of title | Das Immobilienmagazin |
| 260 3# - PUBLICATION, DISTRIBUTION, ETC. | |
| Place of publication, distribution, etc. | Wiesbaden |
| Name of publisher, distributor, etc. | Ring Deutscher Makler |
| Date of publication, distribution, etc. | 19-?- |
| 362 1# - DATES OF PUBLICATION AND/OR SEQUENTIAL DESIGNATION | |
| Dates of publication and/or sequential designation | (7) July 1994- |
| 520 ## - SUMMARY, ETC. | |
| Summary, etc. | Kept for one year |
| 554 ## - | |
| -- | 12 per year |
| 651 #4 - SUBJECT ADDED ENTRY--GEOGRAPHIC NAME | |
| Geographic name | Deutschland = Germany |
| Chronological subdivision | 1990- |
| 690 ## - LOCAL SUBJECT ADDED ENTRY--TOPICAL TERM (OCLC, RLIN) | |
| Topical term or geographic name as entry element | PROPERTY |
| 856 41 - ELECTRONIC LOCATION AND ACCESS | |
| Uniform Resource Identifier | <a href="https://www.immobilien-zeitung.de">https://www.immobilien-zeitung.de</a> |
| Public note | View further information at www.immobilien-zeitung.de... |
| 942 ## - ADDED ENTRY ELEMENTS (KOHA) | |
| Suppress in OPAC | 0 |
| 948 ## - LOCAL PROCESSING INFORMATION (OCLC); SERIES PART DESIGNATOR (RLIN) | |
| c (OCLC) | 15/08/1994 |
| Withdrawn status | Lost status | Source of classification or shelving scheme | Damaged status | Not for loan | Home library | Current library | Shelving location | Date acquired | Total Checkouts | Full call number | Barcode | Date last seen | Price effective from | Koha item type |
|---|---|---|---|---|---|---|---|---|---|---|---|---|---|---|
| Dewey Decimal Classification | London | London | Gallery | 22/04/2004 | AIZ | 98875-1001 | 06/08/2019 | 06/08/2019 | Journal |